STN EN 1988-2: 2001 (56 0023), Požívatiny. Stanovenie množstva siričitanov Časť 2 Enzymatická metóda

Táto národná norma je identická s EN 1988-2: 1998

Bibliographic Details
Main Author: Barták, Ľubomír (Author)
Other Authors: Benická, Eva (Translator)
Format: Book
Language:Slovak
English
PhysicalDescription:16 s. tab. 30 cm
Published: Bratislava Slovenský ústav technickej normalizácie 2001
Subjects:

MARC

LEADER 00000nam a2200000 a 4500
001 vtls010340796
003 SK-MaSNL
005 20260302082444.0
008 130117s2001 xo a f u 000 0 slo
015 |a SNBN2014 
020 |c (cen. skup. 11) 
040 |a SNK  |b slo  |c SNK  |e AACR2 
041 1 |a slo  |h eng 
044 |a xo  |c SK 
046 |a s  |m 200111 (účin.) 
072 7 |a 663  |x Priemysel nápojov. Kvasný priemysel. Priemysel pochutín  |2 konspekt 
072 7 |a 664  |x Potravinársky priemysel  |2 konspekt 
072 7 |a 543  |x Analytická chémia  |2 konspekt 
080 |a 663/664  |2 2001 
080 |a (437.6)  |2 2001 
080 |a (4)  |2 2001 
080 |a (083)  |2 2001 
080 |a 54-4  |2 2001 
080 |a 543.9:577.15  |2 2001 
084 |a 67.040  |2 ICS 
130 0 |a STN 56 0023 (STN EN 1988-2)  |9 749172 
245 1 0 |a STN EN 1988-2: 2001 (56 0023), Požívatiny. Stanovenie množstva siričitanov  |n Časť 2  |p Enzymatická metóda 
246 1 0 |a Požívatiny 
246 1 0 |a Stanovenie množstva siričitanov 
246 1 0 |a Enzymatická metóda 
260 |a Bratislava  |b Slovenský ústav technickej normalizácie  |c 2001 
300 |a 16 s.  |b tab.  |c 30 cm 
500 |a Súbež. názov v angl., nem. a franc. 
500 |a Spracovateľ: Eva Benická ; SÚTN Bratislava, Ľubomír Barták 
504 |a Citované normy, súvisiace normy a súvisiace právne predpisy s. 2 ; literatúra s. 12 
520 8 |a Táto národná norma je identická s EN 1988-2: 1998 
540 |a STN vydané na akomkoľvek nosiči sa môžu rozmnožovať a rozširovať iba so súhlasom určenej právnickej osoby  |b SÚTN Bratislava  |c zákon 264/1999 Z. z. 
650 0 7 |a požívatiny  |2 SNKPH  |9 74902 
650 0 7 |a Foodstuffs  |2 SNKPHeng  |9 312564 
650 0 7 |a technické normy a štandardy  |z Slovensko  |2 SNKPH  |9 79594 
650 0 7 |a konzervačné látky  |2 SNKPH  |9 94155 
650 0 7 |a Conserving substance  |2 SNKPHeng  |9 337461 
650 0 7 |a technické normy a štandardy  |z krajiny Európskej únie  |2 SNKPH  |9 289341 
650 0 7 |a enzýmová analýza  |2 SNKPH  |9 83654 
650 0 7 |a Enzyme analysis  |2 SNKPHeng  |9 544472 
655 7 |a normy  |2 SNKPH  |9 70643 
700 1 |a Barták, Ľubomír  |4 aut  |9 312466 
700 1 |a Benická, Eva  |4 trl  |9 8016 
710 2 |a Slovenský ústav technickej normalizácie (Bratislava, Slovensko).  |b Technická normalizačná komisia č. 78 Poľnohospodárske produkty a potravinárske výrobky  |4 stn  |9 312567 
999 |c 1180113  |d 1182043 
952 |a SNK  |b SNK  |y PREZ  |7 0  |p 17A0877545  |o snkSTN EN 1988-2  |i snk2012/3502  |8 0  |0 0  |1 0  |4 0  |d 2012-02-09  |l 0  |r 2026-02-24 21:35:42  |w 2026-02-24 
952 |a SNK  |b SNK  |y PREZ  |7 0  |p 17A0877546  |o snkSTN EN 1988-2 D1  |i snk2012/3503  |8 0  |0 0  |1 0  |4 0  |d 2012-02-09  |l 0  |r 2026-02-24 21:35:42  |w 2026-02-24